000 06039nam a2200421 a 4500
003 CHAP
005 20250924125259.0
007 ta
008 250602s2024 mx bdo|fr|||| 001 0 spa d
020 _a978-607-12-0644-2
040 _amxchpua
_cCHAP
_erda
041 _aspa
_bspa
_fspa
_hspa
050 1 0 _aSF271
_b.B56 2024
082 0 0 _a637.32
_bB56 2024
_220
245 1 0 _aBiodiversidad microbiana en quesos mexicanos tradicionales y sus implicaciones /
_cAbraham Villegas de Gante, Armando Santos Moreno, Guillermo Pérez Esteban y Verenice Torres Salas
250 _a1a edición
264 _aChapingo, México :
_bUACh. Departamento de Ingeniería Agroindustrial. Postgrado en Ciencia y Tecnología Agroalimentaria,
_c2024
300 _a252 páginas :
_bmapas, gráficas, diagramas, tablas, fotos
336 _2rdacontent
_atexto
_btxt
337 _2rdamedia
_asin medio
_bn
338 _2rdacarrier
_avolumen
_bnc
504 _aBibliografía: páginas 237-247
505 0 _aCap. 1. Los quesos mexicanos tradicionales -- 1. Alimentos tradicionales -- 2. Los quesos tradicionales mexicanos y la genuidad -- 3. La tipicidad y los quesos mexicanos -- Cap. 2. Los quesos mexicanos tradicionales: un patrimonio biocultural por proteger y preservas -- 4. La falta de valorización de los quesos mexicanos genuinos -- 5. La patrimonialización. Una estrategia para perseverar los quesos tradicionales -- 6. Protección y conservación de los quesos mexicanos tradicionales como patrimonio -- Cap. 3. Calidad de los quesos mexicanos tradicionales -- 7. La noción de calidad -- 8. Calidad sensorial del queso -- 9. Calidad simbólica -- Cap. 4. Calidad microbiológica de los quesos mexicanos tradicionales -- 10. La microflora de la leche cruda -- 11. Los quesos de leche cruda y su inocuidad -- Cap. 5. Elementos de taxonomía y la microbiota relacionada con la leche cruda y quesos de leche cruda -- 12. Microbiota asociada con leche cruda y quesos de leche cruda -- 13. Las bacterias acidolácticas (BAL); su importancia en los lacteos -- Cap. 6. Secuenciación metagenómica del ADN microbiomico del queso y su relevancia -- 14. Pasos básicos para realizar metagenómica -- 15. Caracterización metagenómica de quesos tradicionales mexicanos -- Cap. 7. Caracterización de quesos mexicanos tradicionales, con enfásis en su diversidad microbiana genérica. Estudios de caso. -- 16. Quesillo de Reyes Etla, Oaxaca -- 17. Quesillo de valles centrales de Oaxaca -- 18. Quesillo de prensa de la costa chica de Guerrero y Oaxaca -- 19. Queso de hoja de Oaxaca -- 20. Queso de poro de los ríos, Tabasco -- 21. Queso crema de Chiapas -- 22. Queso Bola de Ocosingo, Chiapas -- 23. Queso asadero de Durango -- 24. Queso seco encerado del itsmo de Tehuantepec, Oaxaca -- 25. Queso panela de Jalisco -- Cap. 8. Implicaciones de la biodiversidad microbiana en los quesos mexicanos tradicionales. Objeto de estudio -- Cap. 9. Alcances y conlusiones -- Glosario -- Bibliografía -- Fichas curriculares de los autores
520 2 _aLos quesos mexicanos tradicionales (QMT) son elaborados solamente con leche fluida, cuajo y sal, generalmente; son resultado del saber hacer de los queseros, transmitido de generación en generación; son bienes bioculturales, con importancia múltiple. La mayor parte son elaborados con leche cruda y gozan de gran aprecio por su riqueza sensorial, la cual tiene como base la actividad bioquímica de la diversa y a menudo abundante microbiota que puebla la pasta quesera. En esta obra, atendiendo la concepción de lo que es queso, particularmente el de leche cruda, como un ecosistema microbiano complejo y dinámico, se revisa el efecto de su microbioma (el conjunto biodiverso de microorganismos que pueblan la pasta) sobre algunos rasgos de la calidad integral. El Libro está constituido por nueve capítulos que tocan aspectos clave como su tipicidad, su concepción como bienes bio-culturales patrimonializables, su calidad integral (destacando la calidad sensorial y microbiológica), elementos de taxonomía de su microbiota y la secuenciación metagenómica del ADN microbiómico y su relevancia. Además, con resultados propios de la caracterización de varios QMT, y tomando como referencia dos estudios de caso (el Queso de Poro de Tabasco y el Queso Bola de Ocosingo), se ilustra el concepto de queso como un ecosistema microbiano que evoluciona en el tiempo, afectando atributos cualitativos esenciales para la aceptación del producto. Se destaca el capítulo consagrado a once quesos mexicanos tradicionales en cuya ficha de caracterización se incluye su microbiota genérica (a nivel de género), revelada por técnicas metagenómicas de alto rendimiento. Se confirma, así, que el microbioma del ecosistema queso, en el que destaca microbiota notable como las bacterias acidolácticas, las coliformes, las psicrótrofas, y otras, influye en la calidad y aceptación del queso por los consumidores. Se concluye que es conveniente concebir a los QMT como ecosistemas microbianos complejos y dinámicos en los que su microbioma afecta la matriz caseínica (parte abiótica), lo cual es esencial para lograr manejarla, controlarla, y así poder mejorar la calidad del producto, favoreciendo su riqueza sensorial, conservación, inocuidad y difusión comercial.
650 1 3 _aQuesos
_xBiodiversidad
_zMéxico
_2atg
_9148254
650 1 3 _aQuesos
_xMicrobiología
_9147410
_2atg
650 1 3 _aQuesos
_xRecursos biológicos
_xMicrobioma
_2atg
_9142512
650 1 3 _aQuesos
_xMetagenómica
_2atg
_9142512
650 1 0 _aCheeses
_zMexico
_xBiodiversity
_9148250
650 1 3 _aCheeses
_xMicrobiology
_2atg
_9147407
650 1 3 _aCheeses
_xBiological resources
_xMicrobiome
_9148387
_2atg
650 1 3 _aCheeses
_xMetagenomics
_2atg
_9148387
700 1 _aVillegas de Gante, Abraham Zacarias
_9185141
_eautor
700 1 _aSantos Moreno, Armando
_9147701
_eautor
700 1 _aPérez Esteban, Guillermo
_9132339
_eautor
700 1 _aTorres Salas, Verenice
_9114233
_eautora
942 _2ddc
_cLIBRO
999 _c220544
_d220544